| 000 | 00459nam a2200157Ia 4500 | ||
|---|---|---|---|
| 008 | 230312s9999||||xx |||||||||||||| ||und|| | ||
| 020 | _a0-425-10425-7 | ||
| 082 |
_a658.092 _bBLA-P |
||
| 100 | _aKenneth Blanchard, Ph. D. | ||
| 245 | 0 | _aPutting the One minute manager to work | |
| 260 |
_bBERKLEY BOOKS _aNew York _c1984 |
||
| 300 | _a110 | ||
| 546 | _aEng. | ||
| 650 |
_aManagement _vQuestion , One Minute manager , Managing Winners |
||
| 942 | _cBK | ||
| 999 |
_c1046 _d1046 |
||